00528nam a2200157 i 4500001000300000100002400003245009400027260002100121040000800142041000800150942000700158008004100165999001700206856009800223952004900321bg1 aŻUCHOWSKA, Danuta 0aStruktura i własności małocząsteczkowych polibutadienów... /cDanuta Żuchowska. aWrocław,c1979. cBPK apol cKS s pl f |000 0 pol  c18781d18781 uhttp://koha.tu.koszalin.pl/cgi-bin/koha/opac-detail.pl?biblionumber=18781yKatalog online BPK 00104070aBPKbBPKcwo26283p01669954yKS